Orquesografía: tratado en forma de diálogo
Збережено в:
| Автор: | |
|---|---|
| Формат: | Книга |
| Мова: | Іспанська |
| Опубліковано: |
Buenos Aires
Centurión
1946
|
| Предмети: | |
| Теги: |
Додати тег
Немає тегів, Будьте першим, хто поставить тег для цього запису!
|
MARC
| LEADER | 00000nam a2200000 a 4500 | ||
|---|---|---|---|
| 001 | UCN3568 | ||
| 003 | CL-VaPUC | ||
| 008 | 010629e19460000AG |||||||||||||||||spa|d | ||
| 082 | 0 | 4 | |a 792.8 |b ARB |2 21 |
| 100 | 0 | |a Arbeau, Thoinot |e author |9 460159 | |
| 245 | 1 | 0 | |a Orquesografía: tratado en forma de diálogo |
| 300 | |a 205 p | ||
| 942 | |c BK | ||
| 945 | |d 20010629 00:00:00 |a crobeson | ||
| 260 | |a Buenos Aires |b Centurión |c 1946 | ||
| 650 | 0 | |a Danza |9 328568 | |
| 650 | 0 | |a Música de baile |9 358160 | |
| 650 | 0 | |a Coreografía |9 312567 | |
| 583 | |a last modification |c 20010629 00:00:00 |k Rodrigo Vera | ||
| 999 | |c 296413 |d 296411 | ||
| 952 | |0 0 |1 0 |4 0 |6 792_800000000000000_ARB_1946 |7 0 |8 A |9 350166 |a BIBEDU |b BIBEDU |d 2019-11-20 |i 1188704 |o 792.8 ARB 1946 |p 1188704 |r 2023-01-12 |w 2019-11-20 |y BK |k MUS | ||